000 00347 a2200157 4500
001 58699
020 _a8508043414
040 _cAnchieta - Pituba
100 _aQueirós, Eça de
240 1 0 _aO crime do padre Amaro
_lpor
245 1 0 _aO crime do padre Amaro
300 _a358
362 0 _a1999
650 4 _aFicção portuguesa
942 _cBK
999 _c58699
_d58699